Normal view
MARC view
- Ratnayaka, Don D.
Entry Personal Name
001 - CONTROL NUMBER
- control field: 6191
003 - CONTROL NUMBER IDENTIFIER
- control field: NUST
005 - DATE AND TIME OF LATEST TRANSACTION
- control field: 20171108161219.0
008 - FIXED-LENGTH DATA ELEMENTS
- fixed length control field: 171108|| aca||aabn | a|a d
040 ## - CATALOGING SOURCE
- Original cataloging agency: NUST
- Transcribing agency: NUST
100 ## - HEADING--PERSONAL NAME
- Personal name: Ratnayaka, Don D.
670 ## - SOURCE DATA FOUND
- Source citation: Work cat.: (NUST)0: Twort, A. C. (Alan Charles), 1920- 6190, Water supply /, 2000.
